The Euros Top Scorers 1# - Statistics

General Stats
  • This quiz has been taken 22 times
  • The average score is 13 of 16
Answer Stats
Picture Answer % Correct
Cristiano Ronaldo
100%
Harry Kane
100%
Zlatan Ibrahimovic
100%
Theirry Henry
95%
Wayne Rooney
95%
Antoine Griezmann
91%
Robert Lewandowski
91%
Romelu Lukaku
91%
Alan Shearer
86%
Alvaro Morata
82%
Patrick Kluivert
82%
Ruud van Nistelrooy
82%
Michel Platini
77%
Patrick Schick
68%
Nuno Gomes
23%
Savo Milosevic
9%
No matching quizzes found
Score Distribution
Percent of People with Each Score
Percentile by Number Answered
Your Score History
You have not taken this quiz